000 00533nam a2200181 i 4500
001 120115
003 ES-MaACL
005 20230906191452.0
007 t|
008 070214s1969 sp r ||||1| spa d
100 1 _aPérez de Vega, Francisco.
_990814
245 1 3 _aEl hombre desconocido y otros ensayos /
_cFrancisco Pérez de Vega.
260 _aMadrid :
_bComercial Española de Ediciones,
_c1969.
300 _a198 p. ;
_c21 cm.
852 4 _aES-MaACL
_jC-36057
852 4 _aES-MaACL
_jC-36059
852 4 _aES-MaACL
_jC-48455
999 _c120115
_d120115